Kegiatan Ko-kurikulum : penyeliaan dan pentadbiran

Bibliographic Details
Main Author: Vasudevan T.Arasoo
Format: Book
Published: Petaling Jaya : Penerbit Fajar Bakti Sdn. Bhd. , 1987
Series:Siri Pendidikan Fajar Bakti
Subjects:

MARC

LEADER 00000cam a2200000 7i4500
001 0000033620
002 000036295
005 20000331.0
020 |a 9676503355 
090 0 0 |a 372.86   |b VAS 
100 0 |a Vasudevan T.Arasoo 
245 1 0 |a Kegiatan Ko-kurikulum :   |b penyeliaan dan pentadbiran   |c Vasudevan T.Arasoo 
260 |a Petaling Jaya :   |b Penerbit Fajar Bakti Sdn. Bhd. ,   |c 1987 
300 |a 170p. :   |b ill. ;   |c 25cm. 
490 0 |a Siri Pendidikan Fajar Bakti 
650 0 0 |a Co-curiculum 
999 |a 023187   |b BUKU   |c PINJAMAN   |e PERPUSTAKAAN KOMUNITI PETALING JAYA